000
00337nam a2200157Ia 4500
100
_a
T.L.singal
650
_a
Wireless communication
942
_c
BK
366
_f
25
245
_a
Wireless communication
260
_b
Mc Graw Hill
_c
2010
082
_a
621.382
_b
SIN
300
_a
669
546
_a
ENGLISH
_c
PAMPHALETS
999
_c
32977
_d
32977